000 00670nam a2200181Ia 4500
999 _c2749
_d2749
003 DO-SdBJH
005 20180417031531.0
008 180414s9999 dr 000 0 spa d
040 _aDO-SdBJH
_bspa
_cDO-SdBJH
090 _aDM FM 46-1 1992
110 _aInstituto de Cooperación para la Seguridad Hemisférica
245 1 0 _aFM 46-1 Operaciones de asuntos públicos / Instituto de Cooperación para la Seguridad Hemisférica
260 _aFuerte Benning, Georgia : Cuartel General Secretaría del Ejército, 1992
300 _avi, 81 páginas en varias paginaciones
504 _aIncluye apéndices
650 4 _aAsuntos civiles -- Operaciones
942 _2ddc
_cBK